| 000 | 00733nam a2200253Ia 4500 | ||
|---|---|---|---|
| 003 | OSt | ||
| 005 | 20220918192011.0 | ||
| 006 | a|||||r|||| 00| 0 | ||
| 007 | ta | ||
| 008 | 220917b |||||||| |||| 00| 0 eng d | ||
| 024 | _a66,470 | ||
| 037 | _cTextual | ||
| 040 |
_aARTS _cARTS _beng |
||
| 041 |
_2eng _aeng |
||
| 082 | _aR3xC7z7, K5 | ||
| 100 | _aAnscombe G E M | ||
| 245 | 0 | _aNew essays on Plato and Aristotle ed by Renford Bambrough | |
| 260 |
_aLondon _bRoutledge and Kegan Paul U.K. _c1965 |
||
| 300 |
_aviii,176p. _ccm. |
||
| 490 | _aInternational library of philosophy of scientific method | ||
| 650 | _aPHILOSOPHY | ||
| 942 |
_hR3xC7z7, K5 _cTEXL _2CC |
||
| 999 |
_c192703 _d192703 |
||